| 000 | 01024cam a22002175a 4500 | ||
|---|---|---|---|
| 999 |
_c13854 _d13854 |
||
| 020 | _a978-1-913484-81-1 | ||
| 082 | 0 | 4 | _aRef 032.02 G9482 2025 |
| 110 | 2 | _aGuinness World Records Limited. | |
| 245 | 0 | 0 | _aGuinness World Records 2026. |
| 300 |
_a255 pages : _billustrations (chiefly color), color photographs ; _c31 cm |
||
| 337 |
_aunmediated _bn |
||
| 520 |
_a"Discover the incredible achievements and inspiring stories of record breakers from around the world... and how you can become one of them. With all new content -- from high-end hotels to deserted ghost towns and talented pets to global sports superstars -- the new edition of Guinness World Records once again shows how record breaking is for everyone, everywhere." _cProvided by publisher. |
||
| 526 | _aREFERENCE | ||
| 650 | 0 | _aWorld records. | |
| 650 | 0 | _aCuriosities and wonders. | |
| 650 | 0 | _aQuestions and answers. | |
| 650 | 6 | _aRecords. | |
| 650 | 7 | _aWorld records—Miscellanea. | |
| 650 | 7 | _aREFERENCE / Yearbooks & Annuals. | |
| 942 |
_2ddc _cBK |
||